[Event "IX Floripa Chess Open Fort Atacadista"]
[Site "Florianópolis - Santa Catari"]
[Date "2023.01.26"]
[Round "6.130"]
[White "Campagnolo, Bruna"]
[Black "Oviedo Acosta, Paula"]
[Result "0-1"]
[WhiteElo "1607"]
[BlackElo "1836"]
[PlyCount "98"]
[EventDate "2023.01.23"]
[EventRounds "10"]
[EventCountry "BRA"]

1. e4 c5 2. Nf3 e6 3. d4 cxd4 4. Nxd4 a6 5. c4 Nf6 6. Nc3 Qc7 7. Be3 d6 8. Be2
Nbd7 9. O-O Be7 10. Nb3 O-O 11. f4 b6 12. Nd2 Bb7 13. Bf3 Rac8 14. Rc1 Rfe8 15.
Qe2 Qb8 16. Rfd1 Bd8 17. Nb3 Bc7 18. Nd4 Nc5 19. Qc2 Qa8 20. e5 dxe5 21. fxe5
Bxe5 22. Bxb7 Qxb7 23. Nf3 Ng4 24. Bxc5 Bxc3 25. Qxc3 Rxc5 26. Qd3 h6 27. b3
Rec8 28. Qd4 Nf6 29. Rd2 Qe4 30. Rcd1 Qxd4+ 31. Rxd4 Kh7 32. Re1 b5 33. Ne5
R8c7 34. Nd3 Rf5 35. cxb5 Rxb5 36. Ra4 a5 37. Rc4 Ra7 38. Rec1 Nd5 39. Rc5 Rbb7
40. Ne5 a4 41. Nc6 Ra8 42. Na5 Rb4 43. Nc6 Re4 44. R5c4 Re2 45. R1c2 axb3 46.
axb3 Ra1+ 47. Rc1 Raa2 48. Rg4 Ne3 49. Rg3 Rxg2+ 0-1

[Event "IX Floripa Chess Open Fort Atacadista"]
[Site "Florianópolis - Santa Catari"]
[Date "2023.01.26"]
[Round "6.131"]
[White "Borsato, Ana Carolina Teodor"]
[Black "Luz, Christian Oliveira"]
[Result "0-1"]
[WhiteElo "1832"]
[BlackElo "1594"]
[PlyCount "84"]
[EventDate "2023.01.23"]
[EventRounds "10"]
[EventCountry "BRA"]

1. e4 c5 2. d4 cxd4 3. c3 Nf6 4. e5 Nd5 5. Qxd4 e6 6. Nf3 Nc6 7. Qe4 Be7 8. Be2
O-O 9. O-O f5 10. Qd3 Qc7 11. c4 Nb6 12. Qe3 g5 13. Nc3 d5 14. exd6 Qxd6 15.
Nb5 Qb8 16. a4 g4 17. Nfd4 e5 18. Nb3 f4 19. Qd2 Bf5 20. Nc3 Rd8 21. Qe1 Nb4
22. Bd1 Bd3 23. Bxf4 Nxc4 24. Rc1 Bxf1 25. Kxf1 Nd3 26. Qe4 Ncxb2 27. Bxg4 Nxf4
28. g3 Ng6 29. Be6+ Kg7 30. Bf5 Qd6 31. Qc2 Qa6+ 32. Kg1 Nd3 33. Rb1 Nb4 34.
Qb2 Qf6 35. g4 Nd3 36. Qe2 Ngf4 37. Qe3 Qc6 38. Ne4 Bh4 39. Nbd2 Bxf2+ 40. Qxf2
Nxf2 41. Nxf2 Ne6 42. Nh3 Kf6 0-1

[Event "IX Floripa Chess Open Fort Atacadista"]
[Site "Florianópolis - Santa Catari"]
[Date "2023.01.26"]
[Round "6.132"]
[White "Americano, Lucca Casarini"]
[Black "Borger, David Lupovici"]
[Result "0-1"]
[WhiteElo "1563"]
[BlackElo "1832"]
[PlyCount "100"]
[EventDate "2023.01.23"]
[EventRounds "10"]
[EventCountry "BRA"]

1. e4 c5 2. Nf3 Nc6 3. Bb5 g6 4. O-O Bg7 5. c3 Nf6 6. Re1 O-O 7. d4 cxd4 8.
cxd4 d5 9. e5 Ne4 10. Nbd2 Nxd2 11. Bxd2 Bg4 12. Bxc6 bxc6 13. Bb4 Qd7 14. h3
Bxf3 15. Qxf3 Rfb8 16. Ba3 Rb7 17. Rac1 Rc8 18. b3 Qc7 19. Qc3 f6 20. exf6 Bxf6
21. Re6 Kf7 22. Rxc6 Qxc6 23. Qxc6 Rxc6 24. Rxc6 Bxd4 25. Bc5 Bxc5 26. Rxc5 Ke6
27. f4 Kf5 28. Rxd5+ Kxf4 29. Kf2 e5 30. g3+ Ke4 31. Rc5 Kd4 32. Rc8 Kd3 33.
Rd8+ Ke4 34. Ke2 Rc7 35. Kd2 Kf3 36. Rd3+ Kf2 37. Rd6 Kxg3 38. Re6 Kf4 39. Rf6+
Kg3 40. Re6 Kxh3 41. Rxe5 h5 42. Rg5 Rc6 43. a4 Kh4 44. Rg1 g5 45. Rh1+ Kg4 46.
Kd3 h4 47. Ke4 h3 48. Rg1+ Kh4 49. Kf3 Rc3+ 50. Kf2 Rxb3 0-1

[Event "IX Floripa Chess Open Fort Atacadista"]
[Site "Florianópolis - Santa Catari"]
[Date "2023.01.26"]
[Round "6.134"]
[White "Barbosa, Kassio Rodrigo"]
[Black "Rodrigues, Julliano De Araujo"]
[Result "1-0"]
[WhiteElo "1540"]
[BlackElo "1819"]
[PlyCount "81"]
[EventDate "2023.01.23"]
[EventRounds "10"]
[EventCountry "BRA"]

1. e4 e5 2. Nf3 Nc6 3. Bb5 a6 4. Ba4 Nf6 5. Qe2 b5 6. Bb3 Bc5 7. c3 d6 8. O-O
O-O 9. Rd1 Bg4 10. h3 Bh5 11. d3 h6 12. Nbd2 Ne7 13. Nf1 g5 14. g4 Bg6 15. Ng3
Re8 16. d4 exd4 17. cxd4 Bb6 18. e5 Nc6 19. Be3 Ne4 20. Nxe4 Bxe4 21. Bxg5 Bxf3
22. Qxf3 Qxg5 23. Bxf7+ Kg7 24. Bxe8 Nxd4 25. Rxd4 Rxe8 26. Qf6+ Qxf6 27. exf6+
Kxf6 28. Rf4+ Kg6 29. Kf1 Ba5 30. b4 Bb6 31. Re1 Ra8 32. Re6+ Kg7 33. h4 a5 34.
h5 axb4 35. Rg6+ Kh7 36. Rf7+ Kh8 37. Rxh6+ Kg8 38. Rhf6 Rxa2 39. Rf8+ Kg7 40.
g5 Bd4 41. R6f7# 1-0

[Event "IX Floripa Chess Open Fort Atacadista"]
[Site "Florianópolis - Santa Catari"]
[Date "2023.01.26"]
[Round "6.136"]
[White "Casalaspro, Mathias Andre"]
[Black "Lora, Miguel Said Brasil"]
[Result "1-0"]
[WhiteElo "1806"]
[BlackElo "1566"]
[PlyCount "51"]
[EventDate "2023.01.23"]
[EventRounds "10"]
[EventCountry "BRA"]

1. e4 e5 2. f4 d5 3. exd5 exf4 4. Nf3 Nf6 5. Bc4 Nxd5 6. O-O Be7 7. d4 O-O 8.
Bxd5 Qxd5 9. Bxf4 Bd6 10. Nc3 Qe6 11. Ne5 Bxe5 12. Bxe5 Nd7 13. d5 Qb6+ 14. Bd4
Qg6 15. Rf3 f6 16. Nb5 Ne5 17. Bxe5 fxe5 18. Rxf8+ Kxf8 19. Kh1 Bd7 20. Nxc7
Rc8 21. d6 Bc6 22. Qd2 Rd8 23. Rd1 Kg8 24. Nd5 Qxd6 25. Ne7+ Kf7 26. Nxc6 1-0

[Event "IX Floripa Chess Open Fort Atacadista"]
[Site "Florianópolis - Santa Catari"]
[Date "2023.01.26"]
[Round "6.137"]
[White "Casas, Nicolas"]
[Black "Fraga, Heitor Carneiro"]
[Result "0-1"]
[WhiteElo "1803"]
[BlackElo "1556"]
[PlyCount "126"]
[EventDate "2023.01.23"]
[EventRounds "10"]
[EventCountry "BRA"]

1. d4 d5 2. Nf3 Nf6 3. Bf4 c5 4. e3 cxd4 5. exd4 Bf5 6. Bd3 Bxd3 7. Qxd3 e6 8.
O-O Nc6 9. c3 Bd6 10. Bxd6 Qxd6 11. Nbd2 O-O 12. Rfe1 Nd7 13. Ng5 Nf6 14. Ngf3
Nd7 15. Ng5 g6 16. Qh3 Nf6 17. Re3 b5 18. Rae1 Qf4 19. Qg3 Qxg3 20. Rxg3 Na5
21. h3 Rac8 22. Rge3 Nc4 23. Nxc4 Rxc4 24. Nf3 Nd7 25. Ne5 Nxe5 26. Rxe5 h5 27.
a3 a5 28. R5e3 Rfc8 29. Rd3 b4 30. axb4 axb4 31. Ree3 bxc3 32. Rxc3 Rxc3 33.
bxc3 Kf8 34. f4 Ke7 35. Kf2 Kd6 36. g4 hxg4 37. hxg4 Rh8 38. Rf3 Rh2+ 39. Ke3
Rg2 40. g5 Rh2 41. Kd3 Rh1 42. Rf2 Rh3+ 43. Kd2 Kc6 44. Rf1 Rg3 45. Kc2 Kd7 46.
Kd2 Ke7 47. Rf2 f6 48. gxf6+ Kxf6 49. Rf1 Kf5 50. Rf2 Rg1 51. Rf3 Ra1 52. Ke2
Kg4 53. Re3 Ra6 54. Kf2 Kxf4 55. Rf3+ Kg5 56. Rg3+ Kf6 57. Rf3+ Kg7 58. Rg3 Ra1
59. Re3 Kf6 60. Rf3+ Ke7 61. Re3 Rb1 62. c4 dxc4 63. d5 Rb6 0-1

[Event "IX Floripa Chess Open Fort Atacadista"]
[Site "Florianópolis - Santa Catari"]
[Date "2023.01.26"]
[Round "6.138"]
[White "Gomes, Joao Paulo Santos"]
[Black "Pavao, Fabio Biasi"]
[Result "0-1"]
[WhiteElo "1492"]
[BlackElo "1799"]
[PlyCount "110"]
[EventDate "2023.01.23"]
[EventRounds "10"]
[EventCountry "BRA"]

1. c4 Nf6 2. g3 c6 3. Bg2 d5 4. Nf3 dxc4 5. O-O g6 6. Qc2 b5 7. b3 cxb3 8. axb3
Bb7 9. Bb2 Bg7 10. Nd4 Qb6 11. Rc1 O-O 12. Nf3 Nbd7 13. d4 Rfc8 14. e4 c5 15.
d5 e6 16. dxe6 Qxe6 17. e5 Nd5 18. Ng5 Qe7 19. Qd2 N7b6 20. f4 Rd8 21. Qe2 f6
22. Nf3 Nb4 23. Nc3 Nd3 24. Rd1 Nxb2 25. Qxb2 fxe5 26. Rxd8+ Rxd8 27. Nxe5 Bxg2
28. Qxg2 Bxe5 29. fxe5 Qxe5 30. Rd1 Rxd1+ 31. Nxd1 Qd4+ 32. Nf2 Qa1+ 33. Qf1
Qxf1+ 34. Kxf1 c4 35. bxc4 Nxc4 36. Ke2 Kf7 37. Ne4 h6 38. Nc3 b4 39. Nb5 a6
40. Nd4 a5 41. Kd3 Nd6 42. Nc6 Nb7 43. Ne5+ Kf6 44. Nc4 Ke6 45. Kc2 a4 46. Nb6
Nc5 47. Nc4 a3 48. Kb1 Kf6 49. Ka2 Kg5 50. Ne3 Nd3 51. Kb1 b3 52. h4+ Kf6 53.
Ng4+ Ke6 54. Nxh6 a2+ 55. Ka1 Nb4 0-1

[Event "IX Floripa Chess Open Fort Atacadista"]
[Site "Florianópolis - Santa Catari"]
[Date "2023.01.26"]
[Round "6.139"]
[White "Fischer Junior, Donaldo"]
[Black "Bokhonok, Tatiana Dos Santos "]
[Result "1-0"]
[WhiteElo "1763"]
[BlackElo "1539"]
[PlyCount "109"]
[EventDate "2023.01.23"]
[EventRounds "10"]
[EventCountry "BRA"]

1. e4 c5 2. Nf3 e6 3. d4 cxd4 4. Nxd4 Nf6 5. f3 Nc6 6. a3 d5 7. exd5 Nxd4 8.
Qxd4 Qxd5 9. Qxd5 Nxd5 10. c4 Nb6 11. Be3 g6 12. Bd4 Rg8 13. Nc3 Nd7 14. O-O-O
e5 15. Bf2 Nc5 16. b4 Bh6+ 17. Kb2 Ne6 18. Nd5 Bg7 19. Bh4 e4+ 20. Ka2 exf3 21.
Nc7+ Kf8 22. Nxa8 b6 23. Nc7 f6 24. Nxe6+ Bxe6 25. Rd8+ Kf7 26. Rxg8 Kxg8 27.
gxf3 b5 28. a4 bxc4 29. Ka3 Bh6 30. Bxf6 Bd2 31. Bxc4 Bxc4 32. Rd1 Be3 33. Bb2
h5 34. Rd7 g5 35. Re7 Bf2 36. Rg7+ Kf8 37. Rxg5 Bf7 38. Rg2 Be3 39. Bg7+ Ke7
40. Re2 Bd5 41. Rxe3+ Kf7 42. Bd4 a6 43. b5 axb5 44. Kb4 Be6 45. Rxe6 Kxe6 46.
axb5 Kd6 47. b6 Kc6 48. Ka5 Kb7 49. Kb5 h4 50. h3 Kb8 51. Kc6 Kc8 52. b7+ Kb8
53. Be5+ Ka7 54. b8=Q+ Ka6 55. Qb6# 1-0

[Event "IX Floripa Chess Open Fort Atacadista"]
[Site "Florianópolis - Santa Catari"]
[Date "2023.01.26"]
[Round "6.140"]
[White "Garcia, Erich Douglas Ribei"]
[Black "Bisesar, Maycon Da Costa"]
[Result "0-1"]
[WhiteElo "1427"]
[BlackElo "1760"]
[PlyCount "50"]
[EventDate "2023.01.23"]
[EventRounds "10"]
[EventCountry "BRA"]

1. d4 Nf6 2. c4 g6 3. Nc3 Bg7 4. e4 d6 5. Nf3 O-O 6. Bd3 Nc6 7. h3 e5 8. d5 Ne7
9. O-O a5 10. a4 Nd7 11. Ne1 f5 12. f3 f4 13. Nc2 b6 14. b3 g5 15. Ba3 Ng6 16.
Rb1 Nf6 17. b4 h5 18. Be2 Rf7 19. Ne1 Bf8 20. b5 Rg7 21. Bc1 Nh4 22. Nd3 g4 23.
hxg4 hxg4 24. Kf2 g3+ 25. Ke1 Nxg2+ 0-1

[Event "IX Floripa Chess Open Fort Atacadista"]
[Site "Florianópolis - Santa Catari"]
[Date "2023.01.26"]
[Round "6.141"]
[White "Jiang, Lucas Zirui"]
[Black "Pinto, Vanderlei"]
[Result "1-0"]
[WhiteElo "1637"]
[BlackElo "1346"]
[PlyCount "67"]
[EventDate "2023.01.23"]
[EventRounds "10"]
[EventCountry "BRA"]

1. d4 Nf6 2. Nf3 g6 3. c4 Bg7 4. Nc3 O-O 5. h3 d6 6. Bf4 c6 7. e3 Nbd7 8. Be2
Re8 9. O-O Nh5 10. Bh2 Nhf6 11. b4 b6 12. Qc2 Bb7 13. Rfd1 Rc8 14. Bf1 c5 15.
bxc5 Bxf3 16. gxf3 bxc5 17. d5 Nb6 18. Rab1 Qd7 19. a4 Qd8 20. Rb3 Nh5 21. Rdb1
e6 22. dxe6 Qg5+ 23. Kh1 fxe6 24. Ne4 Qf5 25. Qd1 Be5 26. Bxe5 Qxe5 27. a5 d5
28. axb6 dxe4 29. bxa7 Ra8 30. f4 Nxf4 31. exf4 Qxf4 32. Qd7 Rad8 33. Qxd8 Rxd8
34. Rb8 1-0

[Event "IX Floripa Chess Open Fort Atacadista"]
[Site "Florianópolis - Santa Catari"]
[Date "2023.01.26"]
[Round "6.142"]
[White "Hataby, Raed"]
[Black "Ribeiro Carrico, Victor Hugo"]
[Result "0-1"]
[WhiteElo "1979"]
[BlackElo "1737"]
[PlyCount "98"]
[EventDate "2023.01.23"]
[EventRounds "10"]
[EventCountry "BRA"]

1. e3 Nf6 2. c4 g6 3. Nc3 Bg7 4. Nf3 O-O 5. g3 c5 6. Bg2 Nc6 7. O-O d5 8. cxd5
Nxd5 9. Nxd5 Qxd5 10. Nd4 Qd6 11. Nxc6 bxc6 12. Qa4 Be6 13. Bxc6 Rab8 14. Bg2
Bxb2 15. Bxb2 Rxb2 16. d4 cxd4 17. exd4 a6 18. d5 Bxd5 19. Bxd5 Qxd5 20. Qxa6
Ra8 21. Rad1 Rxa6 22. Rxd5 Raxa2 23. Rd3 Re2 24. Rc3 e5 25. Rb3 Kg7 26. Rc3
Rad2 27. Rb3 e4 28. Ra3 h5 29. Rb3 Kf6 30. Ra3 Kg5 31. Ra5+ f5 32. Re5 h4 33.
Re6 hxg3 34. hxg3 Kh5 35. Re8 Kg4 36. Rg8 g5 37. Re8 f4 38. gxf4 gxf4 39. Rg8+
Kf3 40. Rf8 Rd5 41. Rg8 Red2 42. Rh8 Rg5+ 43. Kh1 Rxf2 44. Re1 e3 45. Rb1 e2
46. Rb3+ Kg4 47. Rh4+ Kxh4 48. Rh3+ Kg4 49. Rh4+ Kf5 0-1

[Event "IX Floripa Chess Open Fort Atacadista"]
[Site "Florianópolis - Santa Catari"]
[Date "2023.01.26"]
[Round "6.143"]
[White "Leacina, Gisele Santiago"]
[Black "Mesquita, Arnaldo Leite"]
[Result "1/2-1/2"]
[WhiteElo "1326"]
[BlackElo "1760"]
[PlyCount "101"]
[EventDate "2023.01.23"]
[EventRounds "10"]
[EventCountry "BRA"]

1. e4 Nf6 2. Nc3 d5 3. exd5 Nxd5 4. Nxd5 Qxd5 5. Nf3 Bf5 6. d3 Nc6 7. Be3 e5 8.
Be2 O-O-O 9. O-O f6 10. Nd2 Nd4 11. Nb3 Nxe2+ 12. Qxe2 g5 13. d4 e4 14. c4 Qd7
15. f3 Bg7 16. Nc5 Qe8 17. fxe4 Bxe4 18. Qg4+ f5 19. Qxg5 Bxd4 20. Nxe4 Qxe4
21. Rae1 Rde8 22. Bxd4 Qxd4+ 23. Kh1 Qg4 24. Qxg4 fxg4 25. g3 Rxe1 26. Rxe1 Kd7
27. Kg2 Kd6 28. b3 Rf8 29. Re4 a6 30. Rd4+ Ke6 31. Rd5 Rf5 32. Rd2 a5 33. Re2+
Kd6 34. Rd2+ Kc6 35. Re2 b5 36. cxb5+ Kxb5 37. Re4 c5 38. Rf4 Rd5 39. Rf2 a4
40. Rb2 Kb4 41. Kf2 Kc3 42. Re2 Rd2 43. Rxd2 Kxd2 44. bxa4 c4 45. a5 c3 46. a6
c2 47. a7 c1=Q 48. a8=Q Qe1+ 49. Kg2 Qe2+ 50. Kg1 Qe1+ 51. Kg2 1/2-1/2

[Event "IX Floripa Chess Open Fort Atacadista"]
[Site "Florianópolis - Santa Catari"]
[Date "2023.01.26"]
[Round "6.144"]
[White "Guerreiro, Heitor Koffermann"]
[Black "Miranda Fernandez, Marcos Manuel"]
[Result "0-1"]
[WhiteElo "1313"]
[BlackElo "1759"]
[PlyCount "28"]
[EventDate "2023.01.23"]
[EventRounds "10"]
[EventCountry "BRA"]

1. d4 d5 2. c4 e6 3. Nf3 f5 4. e3 Nf6 5. Be2 c6 6. Nbd2 Bd6 7. O-O O-O 8. b3
Nbd7 9. Ng5 Qe7 10. f4 Kh8 11. Bb2 h6 12. Ngf3 Ng4 13. Qc1 Nxe3 14. Re1 Bxf4
0-1

[Event "IX Floripa Chess Open Fort Atacadista"]
[Site "Florianópolis - Santa Catari"]
[Date "2023.01.26"]
[Round "6.145"]
[White "Reinaldo Dos Santos, Julio"]
[Black "Liebl, Livia"]
[Result "1-0"]
[WhiteElo "1749"]
[BlackElo "1529"]
[PlyCount "141"]
[EventDate "2023.01.23"]
[EventRounds "10"]
[EventCountry "BRA"]

1. d4 d5 2. c4 e6 3. a3 Nf6 4. Nc3 c6 5. cxd5 exd5 6. Nf3 h6 7. Bf4 Bd6 8. Bxd6
Qxd6 9. e3 O-O 10. Bd3 Be6 11. O-O Nbd7 12. h3 a6 13. b4 b6 14. Qe2 a5 15. b5
c5 16. Rfd1 Rac8 17. Qb2 Rc7 18. e4 cxd4 19. Nxd4 Ne5 20. exd5 Nxd5 21. Nxd5
Bxd5 22. Nc6 Nxc6 23. bxc6 Qxc6 24. Rac1 Qd6 25. Be4 Rxc1 26. Qxc1 Re8 27. Bxd5
Qe5 28. Bf3 Rb8 29. Rd5 Qe7 30. Bg4 b5 31. Qf4 Rb7 32. Re5 Qd8 33. Qe3 Qc7 34.
Re8+ Kh7 35. Qe4+ g6 36. Qd4 Qc1+ 37. Kh2 Qc7+ 38. g3 f6 39. Qxf6 Qg7 40. Qxg7+
Kxg7 41. Re3 b4 42. axb4 Rxb4 43. Ra3 Rb5 44. Kg2 Kf6 45. Be2 Rc5 46. f4 g5 47.
fxg5+ hxg5 48. h4 gxh4 49. gxh4 Kg6 50. h5+ Kh6 51. Re3 Rg5+ 52. Kf2 Rf5+ 53.
Ke1 Rc5 54. Re6+ Kh7 55. Bd3+ Kh8 56. h6 Rc8 57. Ra6 a4 58. Rxa4 Re8+ 59. Kf2
Rf8+ 60. Ke3 Re8+ 61. Kf4 Rf8+ 62. Kg5 Rg8+ 63. Bg6 Rb8 64. Ra5 Rc8 65. Re5 Rb8
66. Re7 Rb5+ 67. Bf5 Rb8 68. Be6 Rb5+ 69. Kf6 Rh5 70. Bf5 Rxh6+ 71. Bg6 1-0

[Event "IX Floripa Chess Open Fort Atacadista"]
[Site "Florianópolis - Santa Catari"]
[Date "2023.01.26"]
[Round "6.146"]
[White "Ramazzotte, Esther Zilli"]
[Black "De Oliveira, Jairo Quintiliano"]
[Result "1/2-1/2"]
[WhiteElo "1291"]
[BlackElo "1745"]
[PlyCount "89"]
[EventDate "2023.01.23"]
[EventRounds "10"]
[EventCountry "BRA"]

1. d4 d5 2. c4 c6 3. Nc3 Nf6 4. Nf3 dxc4 5. e4 b5 6. a4 b4 7. Na2 Nxe4 8. Nxb4
Qa5 9. Bd2 Nxd2 10. Qxd2 e5 11. Nc2 Qxd2+ 12. Kxd2 exd4 13. Nfxd4 Ba6 14. Re1+
Kd8 15. Kc3 Kc7 16. Bxc4 Bxc4 17. Kxc4 Nd7 18. a5 Bd6 19. Nf5 Be5 20. Nb4 Bf6
21. f4 Rhf8 22. Rd1 Rad8 23. Nd6 Nb8 24. Ne4 Bxb2 25. Nc5 Rxd1 26. Rxd1 Ba3 27.
Rb1 Re8 28. Nbd3 Bxc5 29. Nxc5 Re2 30. Rb7+ Kd6 31. Kd3 Rxg2 32. Ne4+ Kd5 33.
Rxb8 Rxh2 34. Rd8+ Ke6 35. Ra8 Rh3+ 36. Kd4 Rh4 37. Rxa7 Rxf4 38. Ke3 Rf5 39.
a6 Ra5 40. Ra8 h5 41. a7 Kf5 42. Nd6+ Kg5 43. Nc8 h4 44. Rb8 Ra3+ 45. Kf2
1/2-1/2

[Event "IX Floripa Chess Open Fort Atacadista"]
[Site "Florianópolis - Santa Catari"]
[Date "2023.01.26"]
[Round "6.147"]
[White "Cabral, Vinicius Albuquerqu"]
[Black "De Souza, Carlos Alberto"]
[Result "1-0"]
[WhiteElo "1744"]
[BlackElo "1474"]
[PlyCount "55"]
[EventDate "2023.01.23"]
[EventRounds "10"]
[EventCountry "BRA"]

1. e4 e5 2. Nf3 Nc6 3. Bc4 Be7 4. c3 Nf6 5. d4 d6 6. Bd3 Bg4 7. Be3 d5 8. dxe5
Nxe5 9. Be2 Bxf3 10. gxf3 dxe4 11. Nd2 Nd3+ 12. Bxd3 exd3 13. Qa4+ Qd7 14. Qb3
Qd5 15. c4 Qc6 16. Rg1 Rg8 17. O-O-O Nd5 18. Qxd3 g6 19. Qxd5 Qa6 20. Ne4 Rd8
21. Qb5+ Qxb5 22. Rxd8+ Bxd8 23. cxb5 f5 24. Nc5 b6 25. Ne6 Ke7 26. Nxd8 Rxd8
27. Bg5+ Ke8 28. Re1+ 1-0

[Event "IX Floripa Chess Open Fort Atacadista"]
[Site "Florianópolis - Santa Catari"]
[Date "2023.01.26"]
[Round "6.148"]
[White "Predebon, Eduardo Angonesi"]
[Black "Brito, Nicolas Neres"]
[Result "1/2-1/2"]
[WhiteElo "1740"]
[BlackElo "1426"]
[PlyCount "35"]
[EventDate "2023.01.23"]
[EventRounds "10"]
[EventCountry "BRA"]

1. e4 c5 2. Nf3 Nc6 3. d4 cxd4 4. Nxd4 Nf6 5. Nc3 e6 6. Bg5 Be7 7. f4 a6 8. Nb3
d6 9. Qf3 Qc7 10. O-O-O Bd7 11. Bd3 h6 12. Bxf6 Bxf6 13. Rhe1 Nb4 14. Bf1 Rc8
15. Kb1 Bxc3 16. bxc3 Qxc3 17. Qxc3 Rxc3 18. Rxd6 1/2-1/2

[Event "IX Floripa Chess Open Fort Atacadista"]
[Site "Florianópolis - Santa Catari"]
[Date "2023.01.26"]
[Round "6.150"]
[White "De Souza, Joao Francisco Biz"]
[Black "Pereira, Marcelo Do Carmo"]
[Result "0-1"]
[WhiteElo "1249"]
[BlackElo "1733"]
[PlyCount "56"]
[EventDate "2023.01.23"]
[EventRounds "10"]
[EventCountry "BRA"]

1. Nf3 Nf6 2. b3 g6 3. Bb2 Bg7 4. e3 c5 5. d3 d5 6. Nbd2 O-O 7. Be2 Nc6 8. O-O
a5 9. c4 d4 10. exd4 Nh5 11. Ne4 cxd4 12. Qd2 e5 13. Ba3 Re8 14. Nfg5 Nf4 15.
Nf3 f5 16. Nd6 Re6 17. Nxc8 Rxc8 18. g3 Nxe2+ 19. Qxe2 e4 20. Rfd1 Re8 21. Nh4
Ne5 22. dxe4 d3 23. Qe3 fxe4 24. Qxe4 Nxc4 25. Qxd3 Qxd3 26. Rxd3 Bxa1 27. bxc4
Re7 28. Rd1 Bf6 0-1

[Event "IX Floripa Chess Open Fort Atacadista"]
[Site "Florianópolis - Santa Catari"]
[Date "2023.01.26"]
[Round "6.152"]
[White "Santos, Mike Sperandio"]
[Black "Carlos, Roberta Souto"]
[Result "1/2-1/2"]
[WhiteElo "1811"]
[BlackElo "1698"]
[PlyCount "37"]
[EventDate "2023.01.23"]
[EventRounds "10"]
[EventCountry "BRA"]

1. e4 c5 2. Nf3 Nc6 3. Bb5 g6 4. Bxc6 dxc6 5. d3 Bg7 6. Nc3 e5 7. Be3 b6 8. h3
Ne7 9. O-O O-O 10. Qd2 f5 11. exf5 Nxf5 12. Bg5 Qc7 13. Nh4 Nd4 14. Ne4 Bd7 15.
c3 Ne6 16. Be3 Qd8 17. Nf3 Nf4 18. Nh2 Be6 19. Rfd1 1/2-1/2

[Event "IX Floripa Chess Open Fort Atacadista"]
[Site "Florianópolis - Santa Catari"]
[Date "2023.01.26"]
[Round "6.153"]
[White "Setti, Dalmarino"]
[Black "Silver, Fernanda Luise"]
[Result "0-1"]
[WhiteElo "1696"]
[BlackElo "1800"]
[PlyCount "64"]
[EventDate "2023.01.23"]
[EventRounds "10"]
[EventCountry "BRA"]

1. d4 d5 2. c4 e6 3. Nc3 Nf6 4. cxd5 exd5 5. Bg5 c6 6. Qc2 h6 7. Bh4 Be7 8. e3
Na6 9. Bxa6 bxa6 10. Nf3 Bd7 11. O-O Rc8 12. Ne5 Qc7 13. Bg3 Qb7 14. Rac1 g6
15. Na4 Bf5 16. Qd1 Ne4 17. b3 Ba3 18. Ra1 Qb5 19. f3 Nxg3 20. hxg3 h5 21. g4
Be6 22. Nd3 hxg4 23. fxg4 Rh4 24. Ne5 Bd6 25. Qe1 g5 26. g3 Rh7 27. Qb1 Rh8 28.
Nxf7 Bxf7 29. Rxf7 Kxf7 30. Qf5+ Ke7 31. Qxg5+ Kd7 32. Rf1 Rh1+ 0-1

[Event "IX Floripa Chess Open Fort Atacadista"]
[Site "Florianópolis - Santa Catari"]
[Date "2023.01.26"]
[Round "6.155"]
[White "Dos Santos, Dwlyan Silva"]
[Black "Fernandini, Felipe Piacente"]
[Result "1/2-1/2"]
[WhiteElo "1810"]
[BlackElo "1451"]
[PlyCount "75"]
[EventDate "2023.01.23"]
[EventRounds "10"]
[EventCountry "BRA"]

1. e4 c5 2. Nf3 d6 3. d4 cxd4 4. Nxd4 Nf6 5. Nc3 a6 6. f3 e5 7. Nb3 Be6 8. Be3
Be7 9. Qd2 O-O 10. O-O-O b5 11. g4 Nbd7 12. g5 b4 13. Nd5 Nxd5 14. exd5 Bf5 15.
Kb1 Rc8 16. Bd3 Bxd3 17. Qxd3 a5 18. h4 a4 19. Nc1 Nc5 20. Qd2 b3 21. cxb3 axb3
22. Bxc5 bxa2+ 23. Ka1 Rxc5 24. Ne2 Qd7 25. Nc3 Rfc8 26. Qd3 Bd8 27. Rc1 Ba5
28. Ne2 Qa4 29. Rxc5 Rxc5 30. Rc1 Rxc1+ 31. Nxc1 Qf4 32. Ne2 Qxh4 33. Qa6 Qe1+
34. Kxa2 h6 35. Qc8+ Kh7 36. Qf5+ Kg8 37. Qc8+ Kh7 38. Qf5+ 1/2-1/2

[Event "IX Floripa Chess Open Fort Atacadista"]
[Site "Florianópolis - Santa Catari"]
[Date "2023.01.26"]
[Round "6.156"]
[White "Mendes, Ana Beatriz Dias Gu"]
[Black "Tamayo, Jose Luis"]
[Result "1/2-1/2"]
[WhiteElo "1464"]
[BlackElo "1805"]
[PlyCount "112"]
[EventDate "2023.01.23"]
[EventRounds "10"]
[EventCountry "BRA"]

1. e4 e5 2. Nf3 Nc6 3. d4 exd4 4. Nxd4 Nf6 5. Nc3 Bc5 6. Nxc6 bxc6 7. Bd3 d6 8.
Bd2 O-O 9. O-O h6 10. h3 Re8 11. Qf3 d5 12. exd5 cxd5 13. Rfe1 c6 14. Rxe8+
Nxe8 15. Re1 Be6 16. Qg3 Bd6 17. Qf3 Qf6 18. Qxf6 Nxf6 19. Ne2 Rb8 20. b3 Bd7
21. Nd4 Re8 22. Rc1 Ba3 23. Rd1 Ne4 24. Be1 Bb2 25. Bxe4 Rxe4 26. c3 Ba3 27. b4
c5 28. Nf3 Re2 29. bxc5 Rxa2 30. Rxd5 Bc6 31. Rd8+ Kh7 32. Nd4 Ra1 33. Kf1 Bb7
34. c6 Ba6+ 35. Ne2 Ra2 36. Rd2 Rxd2 37. Bxd2 Bb5 38. c7 Ba6 39. Bf4 g5 40. Be5
f6 41. Bd4 Bd6 42. c8=Q Bxc8 43. Bxa7 Ba6 44. Ke1 Bb7 45. f3 h5 46. Nd4 Be5 47.
Kf2 Bxd4+ 48. Bxd4 Kg6 49. g4 hxg4 50. hxg4 f5 51. c4 fxg4 52. fxg4 Bc8 53. Kg3
Bd7 54. c5 Bc8 55. Kf3 Bb7+ 56. Kg3 Bc6 1/2-1/2

[Event "IX Floripa Chess Open Fort Atacadista"]
[Site "Florianópolis - Santa Catari"]
[Date "2023.01.26"]
[Round "6.157"]
[White "Lunelli, Neuri Antonio"]
[Black "De Lima, Lucas Taveira"]
[Result "1-0"]
[WhiteElo "1799"]
[BlackElo "1437"]
[PlyCount "49"]
[EventDate "2023.01.23"]
[EventRounds "10"]
[EventCountry "BRA"]

1. c4 g6 2. g3 Bg7 3. Bg2 Nf6 4. Nc3 O-O 5. e4 e5 6. Nge2 c6 7. O-O d6 8. h3
Be6 9. d3 Nbd7 10. Be3 Qa5 11. Qd2 Nc5 12. Rad1 Qc7 13. Bh6 Rad8 14. Bxg7 Kxg7
15. f4 d5 16. fxe5 Ng8 17. exd5 cxd5 18. cxd5 Bc8 19. d4 Nd7 20. Kh1 Nb6 21. b3
Qd7 22. Nf4 Ne7 23. Rf2 h5 24. Rdf1 Nf5 25. Nxh5+ 1-0

[Event "IX Floripa Chess Open Fort Atacadista"]
[Site "Florianópolis - Santa Catari"]
[Date "2023.01.26"]
[Round "6.158"]
[White "Machado, Luiz Fernando"]
[Black "Monteiro, Helen Ramazzotte"]
[Result "1-0"]
[WhiteElo "1768"]
[BlackElo "1412"]
[PlyCount "79"]
[EventDate "2023.01.23"]
[EventRounds "10"]
[EventCountry "BRA"]

1. e4 e6 2. d4 d5 3. Nc3 a6 4. e5 c5 5. Nge2 Nc6 6. f4 Qb6 7. Be3 cxd4 8. Nxd4
Qxb2 9. Nde2 Nb4 10. Rc1 Nxa2 11. Na4 Qa3 12. c3 Nxc1 13. Nxc1 b5 14. Nb6 Rb8
15. Nb3 Qe7 16. Qa1 Qc7 17. Qa5 Nh6 18. Bd3 Be7 19. O-O Bd8 20. Nxc8 Qxc8 21.
Qa1 Bb6 22. Nd4 Nf5 23. Bf2 Nxd4 24. cxd4 O-O 25. Qd1 Qc3 26. Kh1 Bxd4 27. Bxd4
Qc7 28. Qh5 h6 29. g4 f5 30. gxf5 Qf7 31. Qxf7+ Kxf7 32. fxe6+ Kxe6 33. f5+ Ke7
34. Bc5+ Kf7 35. Bxf8 Rxf8 36. Rc1 Ra8 37. Rc7+ Kf8 38. Rb7 Re8 39. e6 Ra8 40.
Be2 1-0